01037nam a2200193 a 4500008004100000020001500041050001800056100002100074245003800095260004300133350000900176650001300185650003200198995014900230995014900379995014900528995014900677999001700826120416s1990 ||||||||||||||||| || u a052138897x aQA 862.P4 Bak aBaker, Gregory L10aChaotic dynamics: an introduction aCambridge:bThe University Pressc1990 a0.00 aPendulum aCHAOTIC BEHAVIOR IN SYSTEMS aANNEX COLLECTION (Main Library)D0.00e026340FCBU-MAIN LIBRARY (Kitwe)H3I10.95jQA 862.P4 BakUAVAILABLEy026340ZAnnex Low-Usage Collection  aANNEX COLLECTION (Main Library)D0.00e026422FCBU-MAIN LIBRARY (Kitwe)H2I10.95jQA 862.P4 BakUAVAILABLEy026422ZAnnex Low-Usage Collection  aANNEX COLLECTION (Main Library)D0.00e026423FCBU-MAIN LIBRARY (Kitwe)H4I10.95jQA 862.P4 BakUAVAILABLEy026423ZAnnex Low-Usage Collection  aANNEX COLLECTION (Main Library)D0.00e026508FCBU-MAIN LIBRARY (Kitwe)H1I10.95jQA 862.P4 BakUAVAILABLEy026508ZAnnex Low-Usage Collection  c79273d79273